00861nam a2200181 a 450000100100000000500170001000800410002704000250006808200150009310000380010824501160014626000410026230000360030359000260033995201130036595201840047899900170066200002638020260305073956.0110315s1991 dr ac r 000 0 spa d aDO-SdBNPbspacBNPHU axxxxbxxxx1 aFernández, Leonel,d1953-9729110aRaíces de un poder usurpado :bradiografía del proceso electoral dominicano del 1990 /cLeonel Fernández. aSanto Domingo :bAlfa& Omega,c1991. a132 p. :bil., retrs. ;c21 cm. aInventariado, 2019/BT 0010718PDaPDbPDcHDd2011-03-15iLF1l0oxxxx xxxxp26380-10r2020-06-25w2020-06-25yLFPDZNo se presta 0010718PDaPDbPDcHDd2019-07-25iLF1l0oxxxx xxxxp26380-20r2020-06-25te.2w2020-06-25yLFPDzPerteneció a la biblioteca personal de la familia Reyes Duluc.ZNo se presta c25872d25872